000 00341pab a2200145 454500
008 180718b1984 xxu||||| |||| 00| 0 eng d
100 _aBlumler, Jay G.
245 _aThe sound of parliament
260 _c1984
300 _a250-66
362 _aSummer
650 _aLegislators - U.K.
773 _aParliamentary Affairs
909 _a12582
999 _c12582
_d12582